| 000 | 00384nam a2200109Ia 4500 | ||
|---|---|---|---|
| 008 | 160909s9999 xx 000 0 und d | ||
| 100 | _aMascelli, Meghan Smith. | ||
| 245 | 2 | _aA Case Study of Initiating Mentoring in an Urban Charter School | |
| 260 |
_bThe George Washington University _c2016 |
||
| 650 | _aEDUC/SPED | ||
| 856 | _uhttp://pqdtopen.proquest.com/doc/1778511820.html?FMT=ABS | ||
| 999 |
_c305105 _d305105 |
||